Southeast Region Tile Quiz - Statistics

General Stats
  • This quiz has been taken 4 times
  • The average score is 24 of 27
Answer Stats
Question Tile Select % Correct
States in the Southeast Alabama Yes
100%
Capitals in the Southeast Arkansas No
100%
States in the Southeast Atlanta No
100%
Capitals in the Southeast Atlanta Yes
100%
Landmarks in the Southeast Eiffel Tower No
100%
States in the Southeast Florida Yes
100%
States in the Southeast Georgia Yes
100%
Landmarks in the Southeast Grand Canyon No
100%
Capitals in the Southeast Lansing No
100%
Landmarks in the Southeast Las Vegas No
100%
Landmarks in the Southeast Lego Land Florida Yes
100%
States in the Southeast Montana No
100%
States in the Southeast New Jersey No
100%
States in the Southeast North Carolina Yes
100%
Landmarks in the Southeast Statue of Liberty No
100%
Capitals in the Southeast St. Paul No
100%
Capitals in the Southeast Tallahassee Yes
100%
States in the Southeast Washington No
100%
Capitals in the Southeast Albany No
75%
Landmarks in the Southeast Bean No
75%
Landmarks in the Southeast Capitol Building No
75%
Landmarks in the Southeast Georgia No
75%
Capitals in the Southeast Helena No
75%
Capitals in the Southeast Montgomery Yes
75%
Landmarks in the Southeast Hershey's Chocolate Factory No
50%
Capitals in the Southeast Frankfort Yes
25%
States in the Southeast West Virginia Yes
25%
No matching quizzes found
Score Distribution
Percent of People with Each Score
Percentile by Number Answered
Your Score History
You have not taken this quiz